000 00367nam a2200133Ia 4500
005 20260326100037.0
008 260326s9999||||xx |||||||||||||| ||und||
100 _aGutiérrez, Ramón
245 0 _aEvolución Urbanistica y Arquitectónica del ParAguay /
_cRamón Gutiérrez
260 _bComuneros
300 _a417 p.
650 _aARQUITECTURA REGIONAL
942 _cBK
999 _c6849
_d6849